| 000 | 00596nam a2200181 a 4500 | ||
|---|---|---|---|
| 001 | 000001778 | ||
| 005 | 20200929145709.0 | ||
| 008 | 090629s2004 es ac 001 1 spa d | ||
| 020 | _a8467014393 | ||
| 040 | _aDO-SdBNP | ||
| 100 | 1 |
_aGuerra, Alfonso _d1940- _95780 |
|
| 245 | 1 | 0 |
_aCuando el tiempo nos alcanza : _bMemorias (1940-1982) / _cAlfonso Guerra; introducción Luis Gernuda. |
| 260 |
_aMadrid : _bEspasa Galpe, _c2004. |
||
| 300 |
_a354 p. : _bil., retrs. ; _c22 cm. |
||
| 440 | 0 |
_aEspasa Hoy _95781 |
|
| 500 | _aIncluye datos Biográficos del autor en la solapa | ||
| 500 | _aIncluye índice | ||
| 999 |
_c1655 _d1655 |
||